| 000 | 01233nac a22003611u 4500 | ||
|---|---|---|---|
| 003 | EG-ScBUE | ||
| 005 | 20220628100644.0 | ||
| 008 | 200219t2003 enk f d 000 0 eng d | ||
| 020 | _a9780198607694 | ||
| 020 | _a0198607695 | ||
| 035 | _a(MiU)notisBCA2538 | ||
| 035 | _a(OCoLC)53199450 | ||
| 035 | _a(III)iiio4251275x | ||
| 035 | _a(CStRLIN)MIUGBCA2538-B | ||
| 040 |
_aEG-ScBUE _beng _erda _cEG-ScBUE _dEG-ScBUE |
||
| 082 | 0 | 4 |
_a453.21 _bOXF _222 |
| 245 | 0 | 0 |
_aOxford-Paravia, il dizionario inglese italiano, italiano inglese : _bconcise / _cin collaborazione con Oxford University Press. |
| 246 | 3 | 0 | _aOxford-Paravia |
| 246 | 3 | 0 | _aDizionario inglese italiano, italiano inglese |
| 246 | 3 | 4 | _aConcise Oxford Paravia Italian dictionary |
| 264 | 1 |
_a[Oxford] : _bOxford University Press ; _a[Torino] : _bParavia, _c[2003] |
|
| 264 | 4 | _cc2003 | |
| 300 |
_a1627 pages ; _c22 cm |
||
| 336 |
_2rdacontent _atext _btxt |
||
| 337 |
_2rdamedia _aunmediated _bn |
||
| 338 |
_2rdacarrier _avolume _bnc |
||
| 650 | 7 |
_aItalian language _vDictionaries _xEnglish. _2BUEsh |
|
| 650 | 7 |
_aEnglish language _vDictionaries _xItalian. _2BUEsh |
|
| 651 | _2BUEsh | ||
| 653 | _bHHUUEENN | ||
| 655 |
_vReading book _934232 |
||
| 942 |
_cREFERENCE _2ddc |
||
| 999 |
_c5168 _d5168 |
||